Loading...
| Fine Arts - Painting & Sculpture | 0 | 5 | 0 | 0 | 50 | 101 | 126.80 | 0 | 0 |
| Literature - European Literature | 0 | 6 | 3 | 2 | 45 | 125 | 142.67 | 0 | 0 |
| Religion | 0 | 4 | 1 | 1 | 35 | 122 | 129.50 | 0 | 1 |
| Philosophy | 0 | 5 | 3 | 0 | 35 | 109 | 125.60 | 0 | 0 |
| Fine Arts - Other Fine Arts | 0 | 3 | 0 | 1 | 30 | 120 | 140.33 | 0 | 0 |
| Literature - American Literature | 0 | 3 | 0 | 0 | 30 | 117 | 141.33 | 0 | 0 |
| Mythology | 0 | 3 | 0 | 0 | 30 | 99 | 126.33 | 0 | 0 |
| History - Other History | 0 | 2 | 0 | 0 | 20 | 100 | 114.50 | 0 | 0 |
| Other Academic | 0 | 2 | 0 | 0 | 20 | 116 | 125.50 | 0 | 0 |
| Literature - British Literature | 0 | 2 | 0 | 0 | 20 | 125 | 137.50 | 0 | 0 |
| Geography | 0 | 2 | 0 | 0 | 20 | 112 | 124.50 | 0 | 0 |
| History - World History | 0 | 1 | 0 | 0 | 10 | 117 | 117.00 | 0 | 0 |
| Literature - World Literature | 0 | 2 | 2 | 1 | 10 | 120 | 130.00 | 0 | 0 |
| Social Science | 0 | 2 | 2 | 0 | 10 | 113 | 117.00 | 0 | 0 |
| History - American History | 0 | 1 | 0 | 1 | 10 | 128 | 128.00 | 0 | 0 |
| Science - Chemistry | 0 | 0 | 0 | 0 | 0 | 0.00 | 0 | 0 | |
| History - European History | 0 | 1 | 3 | 0 | -5 | 92 | 92.00 | 0 | 0 |
| Science - Other Science | 0 | 0 | 1 | 0 | -5 | 0.00 | 0 | 0 |